[Event "Tom Weston Major op"]
[Site "Cardiff"]
[Date "2016.03.26"]
[Round "4"]
[White "Herkes, Steve"]
[Black "Probert, Malcolm"]
[Result "0-1"]
[WhiteElo "1521"]
[BlackElo "1641"]
[PlyCount "104"]
[EventDate "2016.03.25"]
[EventType "swiss"]
[EventRounds "7"]
[EventCountry "WLS"]
[SourceTitle "EXT 2018"]
[Source "ChessBase"]
[SourceDate "2017.10.13"]
[SourceVersion "1"]
[SourceVersionDate "2017.10.13"]
[SourceQuality "1"]

1. e4 e6 2. c4 d5 3. cxd5 exd5 4. exd5 Qxd5 5. Nc3 Qe6+ 6. Nge2 Bd7 7. d4 Bb4 8. Be3 Nf6 9. a3 Bd6 10. d5 Qe7 11. g3 0-0 12. Bg2 Bf5 13. 0-0 a6 14. Re1 Re8 15. Nd4 Bg6 16. Qd2 Qf8 17. Bg5 Nbd7 18. Bf4 Ne5 19. Bxe5 Bxe5 20. Nf3 Bd6 21. Nh4 Rxe1+ 22. Rxe1 Re8 23. Nxg6 hxg6 24. Rxe8 Qxe8 25. Qe3 Qxe3 26. fxe3 Nd7 27. Kf2 Ne5 28. Ke2 f5 29. Nd1 b6 30. e4 Kf7 31. exf5 gxf5 32. Kd2 Bc5 33. a4 Bg1 34. h3 Bh2 35. Ne3 g6 36. Nf1 Bg1 37. b3 Ke7 38. Kc3 Kd6 39. Kb4 Bf2 40. Kc3 Kc5 41. b4+ Kd6 42. Kc2 Be1 43. Kb3 Nd3 44. b5 axb5 45. axb5 Kc5 46. Ka4 Nb2+ 47. Kb3 Nc4 48. Bf3 Nd6 49. g4 f4 50. Kc2 Nxb5 51. Nd2 Nd4+ 52. Kd3 Bxd2 0-1

[Event "Tom Weston Major op"]
[Site "Cardiff"]
[Date "2016.03.26"]
[Round "3"]
[White "Herkes, Steve"]
[Black "Qiu, Anlan"]
[Result "0-1"]
[WhiteElo "1521"]
[BlackElo "1551"]
[PlyCount "128"]
[EventDate "2016.03.25"]
[EventType "swiss"]
[EventRounds "7"]
[EventCountry "WLS"]
[SourceTitle "EXT 2018"]
[Source "ChessBase"]
[SourceDate "2017.10.13"]
[SourceVersion "1"]
[SourceVersionDate "2017.10.13"]
[SourceQuality "1"]

1. e4 e6 2. c4 d5 3. cxd5 exd5 4. exd5 Nf6 5. Nf3 Nxd5 6. Bc4 Be6 7. 0-0 Bc5 8. d3 0-0 9. Nbd2 Nc6 10. Ne4 Bb6 11. a3 Re8 12. Bg5 f6 13. Bh4 Qd7 14. Qd2 Kh8 15. Rad1 Nd4 16. Nxd4 Bxd4 17. Rfe1 Nb6 18. Bxe6 Rxe6 19. Bg3 Nd5 20. Re2 Rae8 21. Rde1 R8e7 22. h3 Rb6 23. Nc3 Bxc3 24. bxc3 Rxe2 25. Qxe2 Kg8 26. c4 Nc3 27. Qc2 Na4 28. Rb1 Rxb1+ 29. Qxb1 Nc5 30. Qb4 b6 31. d4 Qxd4 32. Bxc7 Nd3 33. Qb3 Qxf2+ 34. Kh2 Nf4 35. Bxf4 Qxf4+ 36. Kh1 Qd4 37. c5+ Kf8 38. cxb6 Qxb6 39. Qd5 Qc7 40. Qd3 h6 41. Qe3 Qe7 42. Qc3 g5 43. g4 Kg7 44. Kg2 Qe4+ 45. Kg3 Qe5+ 46. Qxe5 fxe5 47. Kf3 Kf6 48. Ke4 Ke6 49. a4 a5 50. Kd3 Kd5 51. Ke3 e4 52. Kd2 Kd4 53. Ke2 e3 54. Kd1 Ke4 55. Ke2 Kf4 56. Kf1 Kg3 57. Ke2 Kxh3 58. Kxe3 Kxg4 59. Kf2 Kh3 60. Kg1 Kg3 61. Kh1 h5 62. Kg1 g4 63. Kh1 Kf2 64. Kh2 g3+ 0-1

[Event "John Bishop Minor op"]
[Site "Cardiff"]
[Date "2009.04.13"]
[Round "7"]
[White "Herkes, Steve"]
[Black "Blackmore, Simon"]
[Result "0-1"]
[WhiteElo "1627"]
[BlackElo "1401"]
[PlyCount "120"]
[EventDate "2009.04.10"]
[EventType "swiss"]
[EventRounds "7"]
[EventCountry "WLS"]
[SourceTitle "EXT 2011"]
[Source "ChessBase"]
[SourceDate "2010.11.26"]
[SourceVersion "1"]
[SourceVersionDate "2010.11.26"]
[SourceQuality "1"]

1. e4 e5 2. Bc4 Nc6 3. d3 Bc5 4. Nf3 Nf6 5. Bg5 d6 6. 0-0 Bg4 7. Nbd2 h6 8. Bh4 g5 9. Bg3 Nh5 10. Qe1 Qf6 11. c3 Na5 12. Bb5+ Nc6 13. b4 Bb6 14. d4 exd4 15. e5 Qe6 16. cxd4 Nxg3 17. hxg3 0-0 18. Bxc6 bxc6 19. Qe4 d5 20. Qc2 Bxf3 21. Nxf3 g4 22. Nh2 Bxd4 23. Rae1 Rab8 24. a3 a5 25. bxa5 Rb2 26. Qd1 Bc3 27. Re3 d4 28. Re4 f5 29. Rxd4 Bxd4 30. Qxd4 Rfb8 31. f4 Qa2 32. Rf2 Rxf2 33. Qxf2 Qxf2+ 34. Kxf2 Ra8 35. Nf1 Rxa5 36. Ne3 Rxa3 37. Nxf5 h5 38. Ne7+ Kf7 39. Nxc6 Ra2+ 40. Kg1 Rc2 41. Nd4 Rc3 42. Kf2 c5 43. Nb5 Rc2+ 44. Kf1 c4 45. Nd6+ Ke6 46. Nxc4 Rxc4 47. Kg1 Kf5 48. Kh2 Rc1 49. e6 Kxe6 50. f5+ Kd7 51. f6 Rf1 52. f7 Rxf7 53. Kh1 Kd6 54. Kh2 Ke5 55. Kh1 Ke4 56. Kg1 Ke3 57. Kh2 Kf2 58. Kh1 Rh7 59. Kh2 h4 60. gxh4 Rxh4# 0-1

[Event "John Bishop Minor op"]
[Site "Cardiff"]
[Date "2009.04.13"]
[Round "6"]
[White "Varma, Varun"]
[Black "Herkes, Steve"]
[Result "1/2-1/2"]
[WhiteElo "1288"]
[BlackElo "1627"]
[PlyCount "143"]
[EventDate "2009.04.10"]
[EventType "swiss"]
[EventRounds "7"]
[EventCountry "WLS"]
[SourceTitle "EXT 2011"]
[Source "ChessBase"]
[SourceDate "2010.11.26"]
[SourceVersion "1"]
[SourceVersionDate "2010.11.26"]
[SourceQuality "1"]

1. e4 c5 2. Nf3 Nc6 3. d4 cxd4 4. Nxd4 d6 5. Nc3 e5 6. Ndb5 a6 7. Na3 Be6 8. Nd5 Nf6 9. Bg5 Bxd5 10. Bxf6 Qxf6 11. exd5 Na7 12. c4 Be7 13. Qc2 0-0 14. Bd3 g6 15. 0-0 Rfc8 16. Qb3 Rc7 17. Rfc1 Bd8 18. Nc2 Qe7 19. Re1 Rc5 20. Qa3 Nc8 21. b4 Rc7 22. Qb3 Nb6 23. a4 Rac8 24. Na3 f5 25. a5 Nd7 26. Bc2 Qh4 27. g3 Qd4 28. Rad1 Qg4 29. Rd2 Nf6 30. Bd1 Qg5 31. Qe3 f4 32. Qe2 e4 33. Bc2 f3 34. Qe3 Qh5 35. h4 Qg4 36. Bxe4 Re7 37. Rd4 b6 38. Nc2 bxa5 39. Bxf3 Rxe3 40. Bxg4 Rxe1+ 41. Nxe1 Nxg4 42. Rxg4 axb4 43. Nd3 a5 44. h5 Kg7 45. hxg6 hxg6 46. Re4 Bf6 47. Re6 Rxc4 48. Rxd6 b3 49. Ra6 a4 50. d6 b2 51. Nxb2 Bxb2 52. d7 Rd4 53. Ra7 Kh6 54. d8Q Rxd8 55. Rxa4 Rd5 56. Rh4+ Kg5 57. f4+ Kf5 58. Kg2 Rd2+ 59. Kh3 Rd3 60. Rg4 Bc3 61. Rg5+ Kf6 62. Rb5 Be1 63. Rg5 Rf3 64. Kg2 Rb3 65. Kh3 Bd2 66. Rg4 Kf5 67. Rg5+ Ke4 68. Rxg6 Bxf4 69. Kg2 Rb2+ 70. Kh3 Kf5 71. Rg8 Bg5 72. Rf8+ 1/2-1/2